Т. 43, № 1; Квантовая электроника

Bibliografski detalji
Parent link:Квантовая электроника/ Российская академия наук (РАН), Физический институт им. П. Н. Лебедева (ФИАН). Т. 43, № 1.— , 1971-
Jezik:ruski
Izdano: 2013
Format: Knjiga
KOHA link:https://koha.lib.tpu.ru/cgi-bin/koha/opac-detail.pl?biblionumber=499459

MARC

LEADER 00000nam2a2200000 4500
001 499459
005 20231101101702.0
035 |a (RuTPU)RU\TPU\prd\169418 
090 |a 499459 
100 |a 20130301a19719999k y0rusy50 ca 
101 0 |a rus 
102 |a RU 
200 0 |a Т. 43, № 1 
210 |d 2013 
461 1 |0 (RuTPU)RU\TPU\prd\212  |t Квантовая электроника  |f Российская академия наук (РАН), Физический институт им. П. Н. Лебедева (ФИАН)  |v Т. 43, № 1  |d 1971- 
801 0 |a RU  |b 63413507  |c 20010227  |g PSBO 
801 1 |a RU  |b 63413507  |c 20130301 
801 2 |a RU  |b 63413507  |c 20230518  |g RCR 
942 |c BK 
999 |a НТБ_ТПУ  |b НФ  |e -1/20130109  |p П-5902  |s 5/20121010  |u 0,00  |v 1